000 01267 a2200217 4500
001 29916
005 20260407155609.0
008 260407a2015 arg spa d
003 AR-UNSa-BCEJYS
040 _aAR-UNSa-BCEJYS
_bspa
_cAR-UNSa-BCEJYS
080 _a342.9
_xDerecho Administrativo
245 1 0 _aDerecho Administrativo para las ciencias económicas
250 _a2a. ed.
264 1 _aSalta :
_bUniversidad Nacional de Salta. Facultad de Ciencias Económicas, Jurídicas y Sociales
_c2015
300 _a525 p.
_c21 cm.
505 _a1. Estado y sus funciones - 2. El derecho administrativo y la administración pública - 3. Fuentes del derecho administrativo - 4. Organización administrativa - 5. Agentes del estado - Introducción - 6. Acto administrativo - 7. Acto Administrativo (continuación) - 8. Contratos administrativos - 9. Procedimientos para la selección del contratista - 10. Contratos administrativos - 11. Contratos administrativos (continuación) - 12. Servicios Públicos - 13. Responsabilidad del estado - 14. Procedimiento administrativo - 15. Procedimiento administrativo (continuación) - 16. Dominio Público --
041 _aspa
942 _cBK
590 _aniveau_biblio:m niveau_hierar:0
100 1 _aPuig, Alfredo Gustavo
999 _c1977
_d1977